Normal view
MARC view
- Aliaga, Roberto,
Entry Nombre Personal
001 - NUMERO DE CONTROL
- campo de control: 33023
003 - IDENTIFICADOR DE NUMERO DE CONTROL
- campo de control: UPN
005 - FECHA Y HORA DE LA ÜLTIMA TRANSACCIÓN
- campo de control: 20210219194438.0
008 - DATOS DE LONGITUD FIJA
- campo de control de longitud fija: nabaccnnaabn|||||||||| b |nc|||||d
035 ## - NUMERO DE CONTROL
- Número de control: UPN11000005130
040 ## - FUENTE DE CATALOGACIÓN
- Lenguaje de catalogación: SPA
- Agencia de transcripción: UPN
100 1# - ENCABEZAMIENTO - NOMBRE PERSONAL
- Nombre personal: Aliaga, Roberto,
- Fechas asociadas con el nombre: 1976-
670 ## - FUENTE EN LA QUE SE LOCALIZARON DATOS
- Uniform Resource Identifier: http://www.lecturalia.com/autor/5790/roberto-aliaga
680 ## - NOTA PUBLICA DE ACCESO PÚBLICO
- Frase explicativa de la referencia: Escritor español
902 ## - CATALOGADOR
- Catalogador: EMR/210113
